000 00266nam a22001217a 4500
008 170905b xxu||||| |||| 00| 0 eng d
041 _aeng
080 _a51
100 _a12
101 _aKIM
245 _aKIMIA FIZIKE DHE KOLOIDALE
_cKARAGJOZI,H
942 _2udc
_cBK
999 _c26110
_d26110